<?xml version="1.0" encoding="UTF-8"?>
<record
    xmlns:xsi="http://www.w3.org/2001/XMLSchema-instance"
    xsi:schemaLocation="http://www.loc.gov/MARC21/slim http://www.loc.gov/standards/marcxml/schema/MARC21slim.xsd"
    xmlns="http://www.loc.gov/MARC21/slim">

  <leader>01106nam a2200301ua 4500</leader>
  <controlfield tag="001">1351097</controlfield>
  <controlfield tag="003">CO-ViMGA</controlfield>
  <controlfield tag="005">20230915233612.0</controlfield>
  <controlfield tag="008">120627s2012    ck a   jr     0001j spa d</controlfield>
  <datafield tag="020" ind1=" " ind2=" ">
    <subfield code="a">9789583040139</subfield>
  </datafield>
  <datafield tag="040" ind1=" " ind2=" ">
    <subfield code="a">CO-ViMGA</subfield>
    <subfield code="b">spa</subfield>
    <subfield code="c">CO-ViMGA</subfield>
  </datafield>
  <datafield tag="043" ind1=" " ind2=" ">
    <subfield code="a">s-ck---</subfield>
  </datafield>
  <datafield tag="082" ind1="0" ind2="4">
    <subfield code="a">I915.04 B13m</subfield>
    <subfield code="2">21</subfield>
    <subfield code="b"> B13m</subfield>
  </datafield>
  <datafield tag="100" ind1="1" ind2=" ">
    <subfield code="a">Bailey, Gerry.</subfield>
    <subfield code="9">721</subfield>
  </datafield>
  <datafield tag="245" ind1="1" ind2="3">
    <subfield code="a">El monedero de seda de Marco Polo / </subfield>
    <subfield code="c">Gerry Bailey, Karen Foster ; ilustrador Leighton Noyes ; traductora Patricia Torres.</subfield>
  </datafield>
  <datafield tag="250" ind1=" " ind2=" ">
    <subfield code="a">Editora Mireya Fonseca Leal.</subfield>
  </datafield>
  <datafield tag="260" ind1="3" ind2=" ">
    <subfield code="a">Bogot :&#x300; </subfield>
    <subfield code="b">Panamericana Editorial, </subfield>
    <subfield code="c">2012.</subfield>
  </datafield>
  <datafield tag="300" ind1=" " ind2=" ">
    <subfield code="a">36 p. : </subfield>
    <subfield code="b">il. ; </subfield>
    <subfield code="c">26 cm.</subfield>
  </datafield>
  <datafield tag="534" ind1=" " ind2=" ">
    <subfield code="p">T&#xED;tulo original : </subfield>
    <subfield code="t">Marco Polo's silk purse.</subfield>
  </datafield>
  <datafield tag="600" ind1="1" ind2="4">
    <subfield code="a">Polo, Marco, </subfield>
    <subfield code="d">1254-1323?</subfield>
    <subfield code="v"> Literatura juvenil.</subfield>
    <subfield code="9">732</subfield>
  </datafield>
  <datafield tag="650" ind1="1" ind2="4">
    <subfield code="a">Exploradores</subfield>
    <subfield code="v"> Biograf&#xED;as</subfield>
    <subfield code="v"> Literatura juvenil.</subfield>
    <subfield code="9">733</subfield>
  </datafield>
  <datafield tag="650" ind1="1" ind2="4">
    <subfield code="a">Viajes medievales</subfield>
    <subfield code="v"> Literatura juvenil.</subfield>
    <subfield code="9">734</subfield>
  </datafield>
  <datafield tag="700" ind1="1" ind2=" ">
    <subfield code="a">Fonseca Leal, Raquel Mireya, </subfield>
    <subfield code="e">ed.</subfield>
    <subfield code="9">53</subfield>
  </datafield>
  <datafield tag="700" ind1="1" ind2=" ">
    <subfield code="a">Foster, Karen, </subfield>
    <subfield code="d">1964-</subfield>
    <subfield code="9">725</subfield>
  </datafield>
  <datafield tag="700" ind1="1" ind2=" ">
    <subfield code="a">Noyes, Leighton, </subfield>
    <subfield code="e">il.</subfield>
    <subfield code="9">726</subfield>
  </datafield>
  <datafield tag="700" ind1="1" ind2=" ">
    <subfield code="a">Torres, Patricia, </subfield>
    <subfield code="e">tr.</subfield>
    <subfield code="9">45</subfield>
  </datafield>
  <datafield tag="942" ind1=" " ind2=" ">
    <subfield code="2">ddc</subfield>
    <subfield code="c">BK</subfield>
  </datafield>
  <datafield tag="999" ind1=" " ind2=" ">
    <subfield code="c">37283</subfield>
    <subfield code="d">37283</subfield>
  </datafield>
  <datafield tag="952" ind1=" " ind2=" ">
    <subfield code="0">0</subfield>
    <subfield code="1">0</subfield>
    <subfield code="2">ddc</subfield>
    <subfield code="4">0</subfield>
    <subfield code="7">0</subfield>
    <subfield code="8">008</subfield>
    <subfield code="a">MEVIECAR</subfield>
    <subfield code="b">MEVIECAR</subfield>
    <subfield code="d">2020-04-08</subfield>
    <subfield code="l">0</subfield>
    <subfield code="o">I915.04 B13m</subfield>
    <subfield code="p">33202</subfield>
    <subfield code="r">2020-04-08 00:00:00</subfield>
    <subfield code="w">2020-04-08</subfield>
    <subfield code="y">BK</subfield>
  </datafield>
  <datafield tag="952" ind1=" " ind2=" ">
    <subfield code="0">0</subfield>
    <subfield code="1">0</subfield>
    <subfield code="2">ddc</subfield>
    <subfield code="4">0</subfield>
    <subfield code="7">0</subfield>
    <subfield code="8">008</subfield>
    <subfield code="a">MEVIECAR</subfield>
    <subfield code="b">MEVIECAR</subfield>
    <subfield code="d">2020-04-08</subfield>
    <subfield code="l">0</subfield>
    <subfield code="o">I915.04 B13m</subfield>
    <subfield code="p">33203</subfield>
    <subfield code="r">2020-04-08 00:00:00</subfield>
    <subfield code="w">2020-04-08</subfield>
    <subfield code="y">BK</subfield>
  </datafield>
</record>
